Věž a náměstí : Mocenské sítě od svobodných zednářů po Facebook /

Guardado en:
Detalles Bibliográficos
Autor principal: Ferguson, Niall (Autor)
Formato: Libro
Lenguaje:checo
Publicado: Praha : Argo 2019
Praha : Dokořán,
Edición:1. vydanie
Colección:Edice zip, zv. 71
Materias:
Etiquetas: Agregar Etiqueta
Sin Etiquetas, Sea el primero en etiquetar este registro!

MARC

LEADER 00000nam a22000003a 4500
001 0101771
003 SK-STU
005 20230509171115.2
007 ta
008 230509s ----xo-----e------000-0-----d
020 |a 978-80-257-3047-8 (Argo) 
020 |a 978-80-7363-978-5 (Dokořán) 
040 |a STU  |b slo 
041 0 |a cze 
044 |a xr 
100 1 |a Ferguson, Niall  |4 aut 
245 1 0 |a Věž a náměstí :  |b Mocenské sítě od svobodných zednářů po Facebook /  |c aut. Niall Ferguson 
250 |a 1. vydanie 
260 |a Praha :  |b Argo 
260 |a Praha :  |b Dokořán,  |c 2019 
300 |a 494 s. 
490 0 |a Edice zip,  |v zv. 71 
650 0 7 |a dejiny 
650 0 7 |a spoločnosť 
650 0 7 |a spolky 
650 0 7 |a spoločenské normy 
650 0 7 |a sociálne siete 
650 0 7 |a medzinárodné vzťahy 
996 |b 284AU09665  |c A* 13027/U  |l AAKNST  |s P  |a 0  |w 0101771_0001